000 01276nam a2200349 a 4500
001 000110899
003 CHAP
005 20220329144150.0
008 141020s2014 mx a fsm |||||||spa d
010 _a107361
011 _a108333
040 _cCHAP
090 _aTesis
100 1 _aCamacho Gómez, Susana
_9128657
245 1 0 _aEvaluación de 10 códigos de rosa (Rosa sp) para su registro a nombre comercial, en Los Morales, Tenancingo, Estado de México.
_h[En línea]
_cpor Susana Camacho Gómez.
260 _aChapingo, Méx. :
_bEl autor,
_c2014.
500 _aPara ver el contenido del material haga clic en la liga
502 _aTesis (Ing. Agr. Esp. en Parasitología Agrícola) -- UACH. Departamento de Parasitología Agrícola
590 _aBATCH
_b00
_c20181121
_lUCH01
_h0759
590 _aE11695DGD
_b10
_c20141021
_lUCH01
_h0923
590 _aE5995AHE
_b05
_c20141020
_lUCH01
_h1150
590 _aE5995AHE
_b05
_c20141020
_lUCH01
_h1150
650 1 4 _aCultivos en invernadero.
_930376
650 1 4 _aGenética.
_947469
650 1 4 _aRosas
_xCalidad.
_999961
650 1 4 _aRosas
_xMercadeo.
_999978
856 _a1
_n0001168
856 _aFinding aid
_uhttp://10.13.5.2/tesis/sist110899.pdf
_zTeclea aquí
901 _aBK
942 _cTESIS
942 _n0
999 _c107361
_d107361